Online Catalogue and eLibrary

A sociological exploration of disappearances in Sri Lanka (Record no. 5852)

MARC details
000 -LEADER
fixed length control field 00550nam a2200157Ia 4500
005 - DATE AND TIME OF LATEST TRANSACTION
control field 20240606001843.0
008 - FIXED-LENGTH DATA ELEMENTS--GENERAL INFORMATION
fixed length control field 240331s9999 xx 000 0 und d
020 ## - INTERNATIONAL STANDARD BOOK NUMBER
ISBN 9789554597044
082 ## - DDC Classification
Item Number - Author Mark SEN
Class No. 362
100 ## - MAIN ENTRY--PERSONAL NAME
Personal name Senanayake, J.
245 #2 - TITLE STATEMENT
Title A sociological exploration of disappearances in Sri Lanka
260 ## - PUBLICATION, DISTRIBUTION, ETC.
Place of publication, distribution, etc. Homg Kong
Name of publisher, distributor, etc. Asia Human Rights Commission
Date of publication, distribution, etc. 2014
300 ## - PHYSICAL DESCRIPTION
Extent (e.g. Volumes, Pages etc.) xv,341 p.,
500 ## - GENERAL NOTE
General note This Study explores the impact of the ruling elite's political project through the experiences of 87 relatives of the disappeared.
942 ## - Koha item type (Biblio)
Koha item type Books in Stacks (Lending)
Holdings
Lost status Damaged status Collection code Home library Current library Shelving location Date acquired Full call number Accession Number Item type
    Lending WERC Library WERC Library Social Science Cupboard 03/31/2024 362.6 SEN 6848 Books in Stacks (Lending)

© WERC Library